000 00837nam a22002057a 4500
999 _c2448
_d2448
003 AR-CdUCM
008 190304b ||||| |||| 00| 0 spa d
040 _aMUNICIPALIDAD PROVINCIAL DEL CUSCO
_cBIBLIOTECA MUNICIPAL DEL CUSCO
082 _22ed.
_a338.91 /
_bS69
100 _aSoza Valderrama, Hector
_98764
245 _aPlanificación del desarrollo industrial /
260 _aMexico :
_bSiglo XXI,
_c1969.
300 _a370 páginas ;
_c22 cm.
505 _aLa necesidad de la industrialización -- Determinares de la industrialización -- Características más generales de la industrialización -- La planificación industrial...
650 _aPlanificación industrial.
_98765
650 _aDeterminantes de industrialización.
_98766
650 _aDesarrollo industrial.
_96981
942 _2ddc
_cLIBROS
945 _awfj
_d2019-03-04